000 00298nam a2200121Ia 4500
008 240624s9999 xx 000 0 und d
041 _aeng
082 _a425 MAR
100 _aMARKS JON
245 _aCHECK YOUR ENGLISH VOCABULARY FOR BANKIN
260 _c2012
_aLondon
_bBloomsbury
365 _c
_b38
999 _c29238
_d29238